|
|
|
|
| LEADER |
00788ncm a22002292a 4500 |
| 001 |
001231255 |
| 003 |
CZ BrMZK |
| 005 |
20120717091743.0 |
| 007 |
qu |
| 008 |
120717s1913 xr |||||||||||||||||zxx d |
| 040 |
|
|
|a BOA001
|b cze
|
| 072 |
|
7 |
|a 785
|x Instrumentální hudba. Symfonická hudba. Hudba pro více nástrojů
|2 Konspekt
|9 9
|
| 100 |
1 |
|
|a Čermák, Jan,
|d 1867-1935
|7 ola2008474709
|4 cmp
|
| 245 |
1 |
0 |
|a Sen Čechie
|h [hudebnina] :
|b ouvertura /
|c Jan Čermák
|
| 260 |
|
|
|a Vysoké Mýto :
|b Kurz,
|c 1913
|
| 300 |
|
|
|a 15 hlasů
|
| 500 |
|
|
|a Universální orchestr
|
| 772 |
0 |
8 |
|i Příloha časopisu :
|t Dalibor,
|g 27/1913
|
| 910 |
|
|
|a BOA001
|b Mus4-0586.896
|
| 990 |
|
|
|a MU
|
| 991 |
|
|
|b 201207
|
| 996 |
6 |
|
|b 2619097999
|c Mus4-0586.896
|l MZK
|r Sklad / do 1 hodiny
|n 0
|w 001265078
|u 000010
|a 1
|e BOA001
|j MZK50
|s P
|